000 00603nam a2200145Ia 4500
008 100415s9999 xx 000 0 und d
082 _b5446
_a595.76(54)
100 _aAndrewes HE
245 _aThe Fauna of British India, including Ceylon and Burma Coleoptera Carabidae Vol. II Harpalinae - I
260 _aLONDON
_c1935
_bTAYLOR & FRANCIS
365 _b0
630 _aThe Fauna of British India, including Ceylon and Burma Coleoptera Carabidae Vol. II Harpalinae - I
730 _aThe Fauna of British India, including Ceylon and Burma Coleoptera Carabidae Vol. II Harpalinae - I
942 _cBOOK
999 _c588426
_d588423